LDR 00746naa#a2200169#i#450# 001 EN\\bibl\121462 005 20260515043036.5 011 ## _a1994-4683 100 ## _a20230531b2023####ek#y0engy0150####ca 102 ## _aRU 200 1# _aOPTIMIZATION OF THE PSYCHO-EMOTIONAL STATE OF HOCKEY PLAYERS, TAKING INTO ACCOUNT THE SPECIFICS OF SPORTS TRAINING IN MICROCYCLES OF THE PRECOMPETITIVE MESOCYCLE _eJournal article 210 1# _aMoscow _cNational State University of Physical Education, Sports and Health named after P.F. Lesgaft _d2023 215 ## _a5 с. 608 ## _aJournal article _2local 675 ## _aФилософия. Теория. Назначение. Методика. Этика. Эстетика. 796.01 _z 700 #1 _a _g 856 4# _auchzapiski.lesgaft.spb.ru _u